| 000 | 00613nam a22001817a 4500 | ||
|---|---|---|---|
| 999 |
_c174957 _d174957 |
||
| 005 | 20200728123848.0 | ||
| 010 | _aENG-128292 | ||
| 020 |
_c200.00 _a9789352837175 |
||
| 035 | _aEN-111824 | ||
| 037 | _bDBAD/PUB | ||
| 082 | _a657.95 | ||
| 100 | _aGupta,MP | ||
| 245 |
_aCosting Methods / _cby M P Gupta,M C Shukla and T S grewal _bSemester-V/5.4 |
||
| 260 |
_aNew Delhi _bS.Chand _c2019 |
||
| 270 |
_aHead Office:7361,Ram Nagar,Qutab Rord _bNew Delhi _e110055 _k23672080 _l91-11-23677446 _minfo@schandpublishing.com |
||
| 300 |
_axiii;various pages. _c24cm(pbk) |
||
| 942 |
_2ddc _cEN _h657.95 _mGUP |
||